| 000 | 00317nam a22001217a 4500 | ||
|---|---|---|---|
| 082 | _a621.392 NAG'C | ||
| 100 |
_aGOPAL, M ,NAGRATH, I. J _957287 |
||
| 245 | _aCONTROL SYSTEMS ENGINEERING | ||
| 260 |
_aNEW DELHI _bWILEY EASTERN LIMITED _c1982 |
||
| 300 | _a725P | ||
| 650 |
_aCONTROL ENGINEERING _934982 |
||
| 942 | _cBK | ||
| 999 |
_c567583 _d567583 |
||